000 00923nam a2200277Ia 4500
003 OSt
005 20220930075847.0
006 a|||||r|||| 00| 0
007 ta
008 220926b |||||||| |||| 00| 0 eng d
024 _a84128
037 _cTheses
040 _aCRL
_cCRL
_beng
041 _2eng
_aeng
100 _aAttam Amit
_9537554
110 _aUniversity of Delhi. Faculty of Medical Sciences. Department of Surgery
245 0 _aStudy on the assessment of risk for breast cancer in a low risk population
260 _c2005
650 _aSURGERY
700 _a Dr. Iqbal Singh Gu.
_9536801
700 _a Dr. Navneet Kaur Gu.
_9533961
700 _a Dr. S. K. Bhargava Gu.
_9519346
700 _aUniversity of Delhi. Faculty of Medical Sciences. Department of Surgery
942 _cDIS
_2CC
999 _c868915
_d868915